[Event "ch-USA w 2023"]
[Site "Saint Louis USA"]
[Date "2023.10.13"]
[Round "8.6"]
[White "Pourkashiyan, Atousa"]
[Black "Yip, Carissa"]
[Result "0-1"]
[WhiteTitle "WGM"]
[BlackTitle "IM"]
[WhiteElo "2288"]
[BlackElo "2372"]
[WhiteFideId "12502014"]
[BlackFideId "2090732"]
[EventDate "2023.10.05"]

1. e4 e5 2. Nf3 Nc6 3. Bb5 a6 4. Ba4 Nf6 5. d3 d6 6. c3 Bd7 7. Bb3 h6 8. Nbd2 g6
9. Nf1 Bg7 10. Ng3 O-O 11. O-O b5 12. h3 Nh7 13. Be3 h5 14. Re1 Kh8 15. d4 Na5
16. Bc2 Nc4 17. Bc1 Nb6 18. b3 Bc6 19. a4 Bb7 20. a5 Nd7 21. b4 Qe7 22. Qe2 Rae8
23. d5 c6 24. c4 cxd5 25. cxd5 f5 26. exf5 h4 27. Nf1 e4 28. fxg6 Bxa1 29. gxh7
Bxd5 30. Bg5 Bf6 31. Nxh4 Qxh7 32. Qd2 Bb7 33. Ng3 Rg8 34. Bxf6+ Nxf6 35. Nhf5
d5 36. Qd4 Re6 37. Bb3 Rg5 38. Qa7 Rc6 39. Qb8+ Rg8 40. Qe5 Qc7 41. Qd4 Rd8 42.
Nh5 Qf7 43. g4 Kh7 44. Nhg3 Bc8 45. Qd2 Qf8 46. Qg5 Kh8 47. Nd4 Rc7 48. Ngf5
Bxf5 49. Qxf5 Rf7 50. Ne6 Qxb4 51. Re3 Rdd7 52. g5 Ne8 53. Qe5+ Ng7 54. Qb8+ Kh7
55. g6+ Kxg6 56. Rg3+ Kf6 57. Ng5 Nf5 58. Nh7+ Rxh7 59. Qf4 Rhg7 60. Bxd5 Rxg3+ 0-1

[Event "ch-USA w 2023"]
[Site "Saint Louis USA"]
[Date "2023.10.15"]
[Round "9.2"]
[White "Abrahamyan, Tatev"]
[Black "Zatonskih, Anna"]
[Result "1-0"]
[WhiteTitle "WGM"]
[BlackTitle "IM"]
[WhiteElo "2262"]
[BlackElo "2363"]
[WhiteFideId "13301918"]
[BlackFideId "14101572"]
[EventDate "2023.10.05"]

1. e4 e5 2. Nf3 Nf6 3. Nxe5 d6 4. Nf3 Nxe4 5. d4 Be7 6. Bd3 Nf6 7. h3 O-O 8. O-O
Re8 9. Re1 c6 10. c4 d5 11. Nc3 Nbd7 12. cxd5 Nxd5 13. Nxd5 cxd5 14. Qb3 Nb6 15.
a4 Bf6 16. Rxe8+ Qxe8 17. Bf4 Qd8 18. Qc2 h6 19. Bc7 Qe7 20. a5 Nc4 21. Bf4 Be6
22. b3 Nd6 23. Re1 Qd8 24. a6 bxa6 25. Qc6 Be7 26. Qxa6 Qb6 27. Qa4 Rb8 28. Rxe6
fxe6 29. Qd7 Rb7 30. Qxe6+ Nf7 31. Qxd5 Qxb3 32. Bc4 Qb1+ 33. Kh2 Bf6 34. Ne5
Bxe5 35. dxe5 Qf5 36. Bg3 Rd7 37. Qc6 Re7 38. e6 Nh8 39. Qd6 Ng6 40. Qd8+ Kh7
41. Qd6 Qe4 42. Bd5 Qf5 43. f4 a5 44. Bc4 a4 45. Qd4 Rxe6 46. Bxe6 Qxe6 47. Qxa4
Qf5 48. Qd4 h5 49. Kg1 Kg8 50. Kf2 Kf7 51. Kf3 Ne7 52. Bh4 Qd5+ 53. Qxd5+ Nxd5
54. Ke4 Nc7 55. f5 Ne8 56. Kf4 g6 57. Kg5 gxf5 58. Kxf5 Kg7 59. Kg5 Nf6 60. Be1
Kf7 61. Ba5 Ke6 62. Kg6 Nd5 63. Kxh5 Kf7 64. Kg5 Nf6 65. g4 Ne4+ 66. Kf4 Nf6 67.
Bd8 Ne8 68. h4 Ng7 69. Ke5 Ne6 70. Bf6 Nf8 71. Kf5 Ng6 72. h5 Nf8 73. g5 Kg8 74.
g6 Nd7 75. h6 Nf8 76. Bd4 Nh7 77. gxh7+ Kxh7 78. Kg5 1-0

[Event "ch-USA w 2023"]
[Site "Saint Louis USA"]
[Date "2023.10.15"]
[Round "9.3"]
[White "Yip, Carissa"]
[Black "Paikidze, Nazi"]
[Result "1/2-1/2"]
[WhiteTitle "IM"]
[BlackTitle "IM"]
[WhiteElo "2372"]
[BlackElo "2316"]
[WhiteFideId "2090732"]
[BlackFideId "13603620"]
[EventDate "2023.10.05"]

1. e4 c6 2. d4 d5 3. e5 Bf5 4. Nf3 e6 5. Be2 h6 6. O-O Ne7 7. Nbd2 Nd7 8. Nb3 g5
9. a4 Bg7 10. a5 O-O 11. Bd2 Rc8 12. Bb4 f6 13. exf6 Bxf6 14. Bd6 Rf7 15. Ne5
Bxe5 16. dxe5 c5 17. c3 a6 18. Re1 Rc6 19. c4 dxc4 20. Bxc4 g4 21. Rc1 Ng6 22.
Bf1 Qg5 23. g3 Rc8 24. Nxc5 Nxc5 25. Rxc5 Rxc5 26. Bxc5 h5 27. Bg2 h4 28. Qd6 h3
29. Bh1 Kh7 30. Be3 Qe7 31. Rc1 Qd7 32. b4 Qb5 33. Rc7 Nxe5 34. Bxb7 Rxc7 35.
Qxc7+ Kg6 36. Qc8 Kf7 37. Bh6 Qxb4 38. Qc7+ Ke8 39. Qc8+ Kf7 40. Qc7+ Ke8 41.
Qc8+ Kf7 42. Qc7+ Ke8 1/2-1/2

[Event "ch-USA w 2023"]
[Site "Saint Louis USA"]
[Date "2023.10.15"]
[Round "9.4"]
[White "Tokhirjonova, Gulrukhbegim"]
[Black "Yan, Ruiyang"]
[Result "1-0"]
[WhiteTitle "WGM"]
[BlackTitle "FM"]
[WhiteElo "2350"]
[BlackElo "2206"]
[WhiteFideId "14203626"]
[BlackFideId "30919860"]
[EventDate "2023.10.05"]

1. Nf3 Nf6 2. g3 e6 3. Bg2 d5 4. O-O Be7 5. c4 d4 6. b4 Bxb4 7. Qa4+ Nc6 8. Ne5
Rb8 9. c5 Nd7 10. Bxc6 bxc6 11. Nxc6 Nxc5 12. Qd1 Qd5 13. Nxb8 Bb7 14. f3 O-O
15. Ba3 Bxa3 16. Nxa3 Rxb8 17. d3 Bc6 18. Rb1 Rd8 19. Rb4 h5 20. Qc2 Na6 21. Rc4
Be8 22. Qd2 Qe5 23. Rcc1 Rd5 24. Nc4 Qf5 25. Rf2 Qf6 26. Qb2 Bb5 27. Nd2 Qg5 28.
f4 Qe7 29. Nf3 Qd7 30. Rff1 f6 31. a4 Bxa4 32. Qb7 Bb5 33. Qxa7 c6 34. Qa8+ Qd8
35. Qxd8+ Rxd8 36. Ra1 c5 37. Ra5 Rb8 38. Rb1 Nc7 39. Nd2 e5 40. fxe5 fxe5 41.
Ne4 Rb6 42. Nxc5 Kf8 43. Nd7+ Bxd7 44. Rxb6 Bg4 45. Rxe5 1-0

[Event "ch-USA w 2023"]
[Site "Saint Louis USA"]
[Date "2023.10.15"]
[Round "9.5"]
[White "Cervantes Landeiro, Thalia"]
[Black "Pourkashiyan, Atousa"]
[Result "1/2-1/2"]
[WhiteTitle "FM"]
[BlackTitle "WGM"]
[WhiteElo "2303"]
[BlackElo "2288"]
[WhiteFideId "3520498"]
[BlackFideId "12502014"]
[EventDate "2023.10.05"]

1. d4 Nf6 2. c4 e6 3. Nf3 Bb4+ 4. Nbd2 O-O 5. a3 Be7 6. e4 d6 7. Be2 Nfd7 8. b4
e5 9. d5 f5 10. exf5 Nf6 11. Qc2 Nh5 12. g4 Nf4 13. Ne4 Nxe2 14. Qxe2 a5 15. b5
Nd7 16. Nfg5 Nc5 17. Nxc5 Bxg5 18. Ne4 Bh4 19. Rg1 c6 20. a4 cxd5 21. cxd5 b6
22. Be3 Bb7 23. Qd3 Be7 24. g5 Rxf5 25. Nf6+ Rxf6 26. gxf6 Bxf6 27. Rc1 Kh8 28.
Ke2 Qe8 29. Bxb6 e4 30. Qe3 Qh5+ 31. Kf1 Qxd5 32. Rg3 Rf8 33. Rc7 Be5 34. Bxa5
Bxg3 35. Qxg3 Rf7 36. Rxf7 Qxf7 37. Qxd6 h6 38. Qc7 Qf3 39. Ke1 Qh1+ 40. Kd2 e3+
41. fxe3 Be4 42. Bb6 Qb1 43. Kc3 Bg6 44. Qd8+ Kh7 45. Qd2 h5 46. Bd4 Kg8 47. Qf2
Bf7 48. Qc2 Qe1+ 49. Kb2 Qb4+ 50. Ka1 Qe1+ 51. Qb1 Qa5 52. Qd1 Qb4 53. Qc2 Qe1+
54. Kb2 Qb4+ 55. Kc1 Qe1+ 56. Qd1 Qb4 57. Qd3 Qxa4 58. b6 Qc6+ 59. Kd2 Qg2+ 60.
Kc3 Qc6+ 61. Kb2 Bd5 62. Qf5 Qb5+ 63. Kc1 Qc4+ 64. Kd2 Qa2+ 65. Kc1 Qa3+ 66. Kd2
Qa5+ 67. Bc3 Qa2+ 68. Ke1 Bc4 69. Qc8+ Kh7 70. Qf5+ Kg8 71. Qxh5 Qb1+ 72. Qd1
Qxb6 73. Kf2 Qc7 74. Kg1 Qe7 75. Qd4 Qg5+ 76. Kf2 Bd5 77. h4 Qg2+ 78. Ke1 Bf3
79. Qc4+ Kh7 80. Qd3+ Kg8 81. Qf1 Qxf1+ 82. Kxf1 g6 83. Kf2 Bd5 84. Kg3 Kf7 85.
Kf4 Bc4 86. Kg5 Bd5 87. Kf4 Bc4 88. Kg5 Bd5 89. Kf4 Bc4 1/2-1/2

[Event "ch-USA w 2023"]
[Site "Saint Louis USA"]
[Date "2023.10.15"]
[Round "9.6"]
[White "Yu, Jennifer"]
[Black "Eswaran, Ashritha"]
[Result "1/2-1/2"]
[WhiteTitle "FM"]
[BlackTitle "FM"]
[WhiteElo "2294"]
[BlackElo "2273"]
[WhiteFideId "2078341"]
[BlackFideId "2080788"]
[EventDate "2023.10.05"]

1. Nf3 Nf6 2. c4 g6 3. Nc3 Bg7 4. g3 O-O 5. Bg2 d6 6. O-O Nbd7 7. b3 e5 8. Bb2
Re8 9. d4 exd4 10. Nxd4 Nc5 11. Qc2 a5 12. Rad1 Bd7 13. h3 Qc8 14. Kh2 h5 15. e4
c6 16. Bc1 Nh7 17. f4 Qc7 18. Qf2 Rad8 19. f5 Bc8 20. Bf4 Qe7 21. Nde2 Be5 22.
Bxe5 dxe5 23. g4 hxg4 24. hxg4 b6 25. Qg3 Qg5 26. Rxd8 Rxd8 27. Qxe5 Nf6 28. Bf3
Nxg4+ 29. Bxg4 Qxg4 30. Qe7 Qh5+ 31. Kg2 Qg4+ 32. Kh2 Qh5+ 33. Kg2 Qg4+ 34. Kf2
Rd3 35. Qe8+ Kg7 36. f6+ Kxf6 37. Ke1+ Bf5 38. Qh8+ Ke7 39. exf5 Rd6 40. fxg6
Nd3+ 41. Kd2 Qxg6 42. Qh4+ Kf8 43. Qh8+ Ke7 44. Qh4+ Kf8 45. Ne4 Nf4+ 46. Nxd6
Qd3+ 47. Kc1 Nxe2+ 48. Kb2 Qd2+ 49. Ka1 Qc3+ 50. Kb1 Qd3+ 51. Ka1 Qc3+ 52. Kb1
Qd3+ 53. Ka1 Qc3+ 1/2-1/2

[Event "ch-USA w 2023"]
[Site "Saint Louis USA"]
[Date "2023.10.16"]
[Round "10.1"]
[White "Yan, Ruiyang"]
[Black "Abrahamyan, Tatev"]
[Result "0-1"]
[WhiteTitle "FM"]
[BlackTitle "WGM"]
[WhiteElo "2206"]
[BlackElo "2262"]
[WhiteFideId "30919860"]
[BlackFideId "13301918"]
[EventDate "2023.10.05"]

1. e4 e6 2. d4 d5 3. Nc3 Nf6 4. e5 Nfd7 5. f4 c5 6. Nf3 Nc6 7. Be3 Rb8 8. Qd2
Qa5 9. Be2 b5 10. O-O b4 11. Nd1 Ba6 12. Nf2 Bxe2 13. Qxe2 cxd4 14. Nxd4 Nxd4
15. Bxd4 Bc5 16. Bxc5 Nxc5 17. f5 exf5 18. Qf3 O-O 19. Qxf5 Ne6 20. Ng4 Rbc8 21.
Rf2 Qc5 22. Rd1 Rc6 23. Qd3 d4 24. Qf5 Nc7 25. Rd3 Rg6 26. h3 Ne6 27. h4 Qd5 28.
b3 Qd8 29. Rh3 Qc8 30. Kh1 Nc5 31. Nh2 Qxf5 32. Rxf5 Ne4 33. Nf1 Rg4 34. Rhf3
Rxh4+ 35. Kg1 Nc5 36. Nd2 g6 37. R5f4 Rxf4 38. Rxf4 Ne6 39. Rf3 Rd8 40. Nc4 Rd5
41. Kf1 h5 42. Ke1 Nc5 43. Rf4 d3 44. Kd1 dxc2+ 45. Kxc2 Rd3 46. Nd6 Rg3 47.
Rxf7 Rxg2+ 48. Kd1 h4 49. Rf3 g5 50. Nf5 Ne6 51. Ne7+ Kg7 52. Nf5+ Kh7 53. Ne3
Rg1+ 54. Kd2 Nf4 55. Nf1 Rg2+ 56. Ke3 Rxa2 57. Ke4 Kg6 58. Kd4 Re2 59. Ne3 h3
60. Rf1 h2 61. Rh1 Nh5 62. Ng4 Ng3 63. Rxh2 Re4+ 64. Kd5 Rxg4 65. Rg2 Nf5 0-1

[Event "ch-USA w 2023"]
[Site "Saint Louis USA"]
[Date "2023.10.16"]
[Round "10.3"]
[White "Zatonskih, Anna"]
[Black "Yip, Carissa"]
[Result "0-1"]
[WhiteTitle "IM"]
[BlackTitle "IM"]
[WhiteElo "2363"]
[BlackElo "2372"]
[WhiteFideId "14101572"]
[BlackFideId "2090732"]
[EventDate "2023.10.05"]

1. d4 Nf6 2. Nf3 g6 3. Nbd2 Bg7 4. e4 d6 5. Bd3 O-O 6. O-O Nc6 7. c3 e5 8. dxe5
Nxe5 9. Nxe5 dxe5 10. Nc4 Nh5 11. g3 Qe7 12. Qe2 h6 13. a4 a5 14. Rd1 Nf6 15. b3
Re8 16. Ba3 Qe6 17. Rab1 Qh3 18. f3 h5 19. Qf2 Bh6 20. Bf1 Qe6 21. Ne3 h4 22.
gxh4 Kg7 23. Ng2 Nh5 24. Bb5 Rh8 25. Bc4 Qf6 26. Qc5 Bh3 27. Qe7 Qxf3 28. Qxe5+
Kh7 29. Bf1 Nf4 30. Rd2 Bxg2 31. Rxg2 Nh3+ 32. Kh1 Be3 33. Qxc7 Nf2+ 34. Kg1
Nd1+ 0-1

[Event "ch-USA w 2023"]
[Site "Saint Louis USA"]
[Date "2023.10.16"]
[Round "10.4"]
[White "Yu, Jennifer"]
[Black "Lee, Alice"]
[Result "0-1"]
[WhiteTitle "FM"]
[BlackTitle "FM"]
[WhiteElo "2294"]
[BlackElo "2388"]
[WhiteFideId "2078341"]
[BlackFideId "30941822"]
[EventDate "2023.10.05"]

1. d4 d5 2. c4 dxc4 3. Nf3 Nf6 4. e3 e6 5. Bxc4 c5 6. O-O a6 7. Qe2 b5 8. Bd3
Nbd7 9. a4 c4 10. Bc2 Bb7 11. e4 Be7 12. Bg5 h6 13. Bh4 O-O 14. Rd1 Re8 15. Nbd2
Nf8 16. e5 Nd5 17. Bxe7 Qxe7 18. Ne4 Nf4 19. Qd2 Bxe4 20. Bxe4 Nd5 21. g3 Ra7
22. Nh4 Rd7 23. axb5 axb5 24. f4 Red8 25. f5 Qg5 26. Nf3 Qg4 27. fxe6 Qxe4 28.
exd7 Qxf3 29. Qf2 Qg4 30. Rf1 Qxd7 31. Ra6 Qb7 32. Rfa1 Nb4 33. Ra7 Qd5 34. e6
Qxe6 35. Re1 Qg6 36. Rf1 f6 37. Rb7 Qe4 38. Rxb5 Nd3 39. Qf5 Qxd4+ 40. Kg2 Re8
41. Qh5 Qe4+ 42. Kg1 Qe3+ 43. Kh1 Re5 44. Rxe5 Qxe5 45. Qxe5 fxe5 46. Kg2 e4 47.
Ra1 Ne6 48. Kf1 Nxb2 49. Ra8+ Kf7 50. Ke2 Nd3 51. Kd2 Nd4 52. Ra4 Nb3+ 53. Ke3
c3 54. Rc4 Nb4 55. Rxb4 c2 56. Rc4 c1=Q+ 57. Rxc1 Nxc1 58. Kxe4 Ke6 0-1

[Event "ch-USA w 2023"]
[Site "Saint Louis USA"]
[Date "2023.10.16"]
[Round "10.5"]
[White "Eswaran, Ashritha"]
[Black "Pourkashiyan, Atousa"]
[Result "1/2-1/2"]
[WhiteTitle "FM"]
[BlackTitle "WGM"]
[WhiteElo "2273"]
[BlackElo "2288"]
[WhiteFideId "2080788"]
[BlackFideId "12502014"]
[EventDate "2023.10.05"]

1. e4 c5 2. Nf3 d6 3. d4 cxd4 4. Nxd4 Nf6 5. Nc3 a6 6. Bd3 e5 7. Nde2 Be7 8. O-O
O-O 9. Ng3 Nc6 10. Nd5 Nxd5 11. exd5 Nb4 12. Bf5 a5 13. c3 Na6 14. f4 Bf6 15.
Kh1 Bxf5 16. fxe5 Bxe5 17. Nxf5 Kh8 18. Bf4 g6 19. Nd4 Nc5 20. Qf3 f5 21. Ne6
Nxe6 22. dxe6 Qf6 23. Rae1 Qxe6 24. Qxb7 Rae8 25. Qb5 Qxa2 26. Bxe5+ dxe5 27. c4
a4 28. Rxe5 Rb8 29. Qd7 Qxc4 30. Rfe1 Rf7 31. Qd6 Rbf8 32. Re8 Rxe8 33. Rxe8+
Kg7 34. Qe5+ Kh6 35. h3 Qc1+ 36. Kh2 Qc7 37. h4 Qxe5+ 38. Rxe5 Rb7 39. Ra5 Rb4
40. Kh3 Rb3+ 41. Kh2 Rb4 42. Kh3 Kh5 43. g3 h6 44. Rc5 Rb3 45. Ra5 g5 46. hxg5
hxg5 47. Rxf5 Rxb2 48. g4+ Kg6 49. Ra5 Rb3+ 50. Kg2 a3 51. Ra6+ Kf7 52. Ra5 Kf6
53. Rf5+ Kg6 54. Ra5 Rd3 55. Ra6+ Kf7 56. Ra5 Kf6 57. Rf5+ Kg6 58. Ra5 Rc3 59.
Ra6+ Kf7 60. Ra5 Kf6 61. Rf5+ Kg6 62. Ra5 Rc2+ 63. Kf3 a2 64. Ra6+ Kf7 65. Ke4
Rf2 66. Ke3 Rg2 67. Kf3 Rh2 68. Ke4 Rf2 69. Ke3 Rf4 70. Rxa2 Rxg4 71. Kf3 Rg1
72. Ra6 Kg7 73. Rb6 Kf7 74. Ra6 Kg7 75. Rb6 g4+ 76. Kf2 Rc1 77. Kg3 Rc4 78. Ra6
Kf7 79. Rb6 Kg7 80. Ra6 Kf7 81. Rb6 Kg7 82. Ra6 1/2-1/2

[Event "ch-USA w 2023"]
[Site "Saint Louis USA"]
[Date "2023.10.16"]
[Round "10.6"]
[White "Paikidze, Nazi"]
[Black "Cervantes Landeiro, Thalia"]
[Result "1-0"]
[WhiteTitle "IM"]
[BlackTitle "FM"]
[WhiteElo "2316"]
[BlackElo "2303"]
[WhiteFideId "13603620"]
[BlackFideId "3520498"]
[EventDate "2023.10.05"]

1. d4 Nf6 2. c4 g6 3. h4 c5 4. d5 b5 5. cxb5 a6 6. bxa6 Bg7 7. Nc3 Bxa6 8. Nf3
O-O 9. h5 Nxh5 10. g4 Nf6 11. Bh6 Bxh6 12. Rxh6 Nxg4 13. Rh4 h5 14. Bh3 Nf6 15.
Qd2 Kg7 16. O-O-O d6 17. Ng5 Bc8 18. Rg1 Na6 19. f4 Bxh3 20. Rxh3 Qc8 21. e4 c4
22. e5 dxe5 23. fxe5 Ng4 24. Nce4 Qf5 25. Ng3 Qd3 26. Nxh5+ gxh5 27. Rxd3 cxd3
28. Ne6+ fxe6 29. Qg5+ 1-0

[Event "ch-USA w 2023"]
[Site "Saint Louis USA"]
[Date "2023.10.17"]
[Round "11.1"]
[White "Yip, Carissa"]
[Black "Yan, Ruiyang"]
[Result "0-1"]
[WhiteTitle "IM"]
[BlackTitle "FM"]
[WhiteElo "2372"]
[BlackElo "2206"]
[WhiteFideId "2090732"]
[BlackFideId "30919860"]
[EventDate "2023.10.05"]

1. e4 c5 2. Nf3 e6 3. d4 cxd4 4. Nxd4 Nf6 5. Nc3 Nc6 6. Ndb5 Bc5 7. Nd6+ Ke7 8.
Bf4 e5 9. Nf5+ Kf8 10. Bg5 d6 11. Ne3 Be6 12. Qd2 h6 13. Bxf6 Qxf6 14. Ncd5 Qd8
15. Bc4 Rc8 16. Bb3 Kg8 17. c3 Kh7 18. Bc2 Ne7 19. O-O-O b5 20. Kb1 a5 21. f4 b4
22. Qe1 Qe8 23. Nxe7 Qxe7 24. f5 Bxe3 25. Qxe3 Bc4 26. b3 bxc3 27. bxc4 Qb7+ 28.
Bb3 a4 29. Qxc3 axb3 30. axb3 Rb8 31. Kb2 Qxe4 32. Qc2 Qxc2+ 33. Kxc2 Rb6 34.
Rd3 Ra8 35. Kb2 g6 36. Rhd1 Raa6 37. fxg6+ Kxg6 38. Rg3+ Kh7 39. Rf1 Rb7 40. Rf6
Rc6 41. Kc3 Rcb6 42. Kc2 Ra6 43. Rh3 Kg7 44. Rfxh6 Ra2+ 45. Kc3 Ra3 46. Kc2 Ra2+
47. Kb1 Rxg2 48. Rxd6 Rf2 49. c5 Ra7 50. b4 Raa2 51. Rb3 e4 52. Rd1 e3 53. Re1
Rad2 54. c6 e2 55. Kc1 Rd6 56. b5 Rf1 57. Rg3+ Kf6 58. Rf3+ Rxf3 59. Rxe2 Rc3+
60. Kb1 Rb3+ 0-1

[Event "ch-USA w 2023"]
[Site "Saint Louis USA"]
[Date "2023.10.17"]
[Round "11.3"]
[White "Tokhirjonova, Gulrukhbegim"]
[Black "Yu, Jennifer"]
[Result "0-1"]
[WhiteTitle "WGM"]
[BlackTitle "FM"]
[WhiteElo "2350"]
[BlackElo "2294"]
[WhiteFideId "14203626"]
[BlackFideId "2078341"]
[EventDate "2023.10.05"]

1. d4 Nf6 2. c4 e6 3. Nc3 Bb4 4. e3 O-O 5. Bd2 d5 6. Nf3 b6 7. cxd5 exd5 8. Ne5
Bxc3 9. Bxc3 Ne4 10. Rc1 f6 11. Nd3 Re8 12. Be2 a5 13. O-O c6 14. Nf4 Nd7 15. f3
Nd6 16. e4 Bb7 17. Bd3 Nf8 18. Re1 Kh8 19. a4 dxe4 20. fxe4 c5 21. d5 Nf7 22.
Bb5 Re7 23. Nh5 Qd6 24. Ng3 Bc8 25. Bc6 Rb8 26. Bd2 Ne5 27. Bb5 Nfg6 28. Qb3 Bg4
29. Rf1 Rc7 30. h3 c4 31. Qe3 Bd7 32. Bxd7 Qxd7 33. b3 Rc5 34. Nf5 Rbc8 35. Nd4
cxb3 36. Qxb3 Nc4 37. Be1 Nd6 38. Rxc5 bxc5 39. Nc6 Nxe4 40. Bxa5 Ne7 41. Nxe7
Qxe7 42. Re1 f5 43. Bc3 c4 44. Qb6 Qd7 45. Bd4 c3 46. a5 c2 47. Qb2 Qc7 48. Rc1
Ng3 49. d6 Qxd6 50. Bxg7+ Kg8 51. Be5 Ne2+ 52. Kh2 Qe6 53. Bh8 Qd6+ 54. Be5 Qe6
55. Bh8 Qe7 56. Bf6 Qe3 57. Qa2+ Kf8 58. Bg5 Qxg5 59. Qa3+ Qe7 60. Qb2 Qc7+ 61.
Kh1 Nxc1 62. Qh8+ Ke7 63. Qxh7+ Kd6 64. Qg6+ Ke5 65. Qg3+ Kd4 66. Qf2+ Kc3 67.
Qxf5 Nd3 68. Qf6+ Qe5 0-1

[Event "ch-USA w 2023"]
[Site "Saint Louis USA"]
[Date "2023.10.17"]
[Round "11.4"]
[White "Lee, Alice"]
[Black "Eswaran, Ashritha"]
[Result "1-0"]
[WhiteTitle "FM"]
[BlackTitle "FM"]
[WhiteElo "2388"]
[BlackElo "2273"]
[WhiteFideId "30941822"]
[BlackFideId "2080788"]
[EventDate "2023.10.05"]

1. d4 Nf6 2. c4 g6 3. Nc3 Bg7 4. e4 d6 5. Nge2 O-O 6. Ng3 h5 7. Be2 e5 8. d5 a5
9. Bg5 Qe8 10. h4 Nh7 11. Be3 Na6 12. Qc2 Bd7 13. O-O-O a4 14. Kb1 Nc5 15. Nb5
Qc8 16. f3 Rd8 17. Qd2 Bf8 18. Rc1 Bg7 19. Bd1 Rf8 20. Bc2 b6 21. Ne2 f5 22.
exf5 gxf5 23. Ng3 f4 24. Bxc5 fxg3 25. Be3 Ra5 26. Qe1 Bxb5 27. cxb5 a3 28. b4
Ra7 29. Qxg3 Rf6 30. Be4 Ra4 31. Bd2 Rf4 32. Rc4 Qd7 33. Bxf4 exf4 34. Bxh7+
Kxh7 35. Qxf4 Qxb5 36. Qe4+ Kg8 37. Re1 Ra8 38. Rxc7 Rf8 39. Qc4 Qa4 40. Rc8
Rxc8 41. Qxc8+ Kh7 42. Qc2+ 1-0

[Event "ch-USA w 2023"]
[Site "Saint Louis USA"]
[Date "2023.10.17"]
[Round "11.5"]
[White "Pourkashiyan, Atousa"]
[Black "Paikidze, Nazi"]
[Result "0-1"]
[WhiteTitle "WGM"]
[BlackTitle "IM"]
[WhiteElo "2288"]
[BlackElo "2316"]
[WhiteFideId "12502014"]
[BlackFideId "13603620"]
[EventDate "2023.10.05"]

1. e4 c6 2. d4 d5 3. e5 Bf5 4. Nf3 e6 5. Be2 a5 6. O-O a4 7. c4 dxc4 8. Bxc4 Nd7
9. Nc3 Ne7 10. Bd3 Bxd3 11. Qxd3 Ng6 12. Qc2 Nb6 13. Bg5 Qd7 14. b3 a3 15. Ne4
Nd5 16. Nfd2 Bb4 17. Nc5 Bxc5 18. Qxc5 h6 19. Be3 Qe7 20. Nc4 O-O 21. Qxe7 Ngxe7
22. Bc1 b5 23. Nd6 Nb4 24. Be3 Rfd8 25. Rfc1 Ned5 26. Kf1 Nxe3+ 27. fxe3 f6 28.
Ke2 Ra7 29. Rd1 Kf8 30. Rd2 Ke7 31. Rc1 Rf8 32. Rc5 Kd7 33. Rc1 f5 34. Rf1 Raa8
35. Rf3 Nd5 36. Rg3 Rg8 37. Rf3 Raf8 38. Nb7 g5 39. Nc5+ Ke7 40. Kd3 Nb4+ 41.
Ke2 Nd5 42. Kd3 h5 43. Rf1 h4 44. Rc1 g4 45. Na6 Ra8 46. Nc5 g3 47. h3 f4 48.
exf4 Rgf8 49. Ne4 Nxf4+ 50. Kc2 Nd5 51. Kb1 Rf4 52. Nf6 Nxf6 53. exf6+ Rxf6 54.
Rxc6 Raf8 55. Re2 Kd7 56. Rb6 Rc8 57. Rb7+ Kc6 58. Rh7 Kd6 59. Re1 Rf2 60. Rh6
Rb2+ 61. Ka1 Re2 62. Rd1 Rcc2 0-1

[Event "ch-USA w 2023"]
[Site "Saint Louis USA"]
[Date "2023.10.17"]
[Round "11.6"]
[White "Cervantes Landeiro, Thalia"]
[Black "Zatonskih, Anna"]
[Result "0-1"]
[WhiteTitle "FM"]
[BlackTitle "IM"]
[WhiteElo "2303"]
[BlackElo "2363"]
[WhiteFideId "3520498"]
[BlackFideId "14101572"]
[EventDate "2023.10.05"]

1. Nf3 d5 2. c4 e6 3. e3 Nf6 4. Nc3 Be7 5. b3 O-O 6. Bb2 b6 7. cxd5 exd5 8. d4
Bd6 9. Bd3 Ba6 10. O-O Re8 11. Rc1 Bxd3 12. Qxd3 a6 13. Rfe1 Qe7 14. h3 Nbd7 15.
Re2 h6 16. Rce1 b5 17. Nh4 Bb4 18. Rc1 Qe6 19. Rec2 Ne4 20. Nxe4 dxe4 21. Qd1
Qd5 22. Rxc7 Nf6 23. g3 Bd6 24. R7c6 Red8 25. Ng2 Qf5 26. g4 Qd7 27. Qc2 Qe8 28.
a3 Nd5 29. Nh4 g6 30. b4 Qe6 31. Ng2 h5 32. Nf4 Nxf4 33. exf4 Qd5 34. Re1 hxg4
35. hxg4 Re8 36. Re3 Bxf4 37. Qc5 Qxc5 38. dxc5 Bxe3 39. fxe3 Re6 40. Rc7 g5 41.
Bd4 Kf8 42. Rd7 Ke8 43. Rb7 Re7 44. Rb6 Re6 45. Rb7 Rd8 46. Kg2 Rd7 47. Rb8+ Rd8
48. Rb7 Rd7 49. Rb8+ Ke7 50. Rg8 Rg6 51. Rh8 Ke6 52. Kf2 Kd5 53. Ke2 Kc4 54. Kd2
a5 55. bxa5 Ra6 56. Rc8 Kd5 57. Kc3 Rda7 58. Kb4 Rxa5 59. Bb2 Ra8 60. Rc7 R5a7 0-1